00704 2200241 4500001002100000005001500021035002000036007000300056008004100059020001800100082001000118084001600128100002200144245012300166250001000289260003700299300003200336650003000368700001600398520002600414990001100440990001100451INLIS00000000000334120090101021239 a0010-0109000004ta090101 g 0 ind  a602-317-224-5 a741.5 a741.5 ROS p0 aROSNENDYA, Wiguna1 aPetualangan Seru Mengenal 26 Transportasi Keren (Tercepat, Termewah, Terbesar) /cRosnendya Wiguna; editor, Tin Zuleha acet.1 aSurakarta :bVisi Mandiri,c2016 a118 hlm. :bilus. ;c24 cm. 4aGAMBAR.KOMIK TRANSPORTASI0 aTIN, Zuleha aBibliografi: hlm. 118 a6608 a a6608 b